Contrasts in living conditions
The book focuses on the regional differences between living conditions: the contrasts in access to basic needs such as food, shelter, work and recreation. These differences are studied on global, regional and local scales, both comparatively and longitudinally. It includes full colour aerial photogr...
Na minha lista:
| Autor principal: | |
|---|---|
| Formato: | Livro |
| Idioma: | Undetermined |
| Publicado em: |
Cambridge, New York
Cambridge Univ
1990
|
| Assuntos: | |
| Tags: |
Adicionar Tag
Sem tags, seja o primeiro a adicionar uma tag!
|
| Thư viện lưu trữ: | Trung tâm Học liệu Trường Đại học Cần Thơ |
|---|
| LEADER | 00893nam a2200205Ia 4500 | ||
|---|---|---|---|
| 001 | CTU_27288 | ||
| 008 | 210402s9999 xx 000 0 und d | ||
| 020 | |b 59.50Dfl | ||
| 082 | |a 304.2 | ||
| 082 | |b C764 | ||
| 100 | |a Peter van Noorden | ||
| 245 | 0 | |a Contrasts in living conditions | |
| 245 | 0 | |c Peter van Noorden | |
| 260 | |a Cambridge, New York | ||
| 260 | |b Cambridge Univ | ||
| 260 | |c 1990 | ||
| 520 | |a The book focuses on the regional differences between living conditions: the contrasts in access to basic needs such as food, shelter, work and recreation. These differences are studied on global, regional and local scales, both comparatively and longitudinally. It includes full colour aerial photographs, satellite images and topographic maps | ||
| 650 | |a anthropo-geography,human ecology | ||
| 904 | |i Minh, 981214 | ||
| 980 | |a Trung tâm Học liệu Trường Đại học Cần Thơ | ||